| 000 | 01449nam a22003375i 4500 | ||
|---|---|---|---|
| 001 | 178575 | ||
| 003 | ES-MaACL | ||
| 005 | 20241113143124.0 | ||
| 008 | 110608s1958 sp o |||| | spa d | ||
| 080 | _a821.134.2-2"19" | ||
| 245 | 0 | 0 |
_aTeatro español. _p1956-1957 / _cprólogo, notas y apéndice por Federico Carlos Sainz de Robles. |
| 260 |
_aMadrid : _bAguilar, _c1958. |
||
| 300 |
_a442, [10] p. de fot. bl. y n. ; _c21 cm. |
||
| 490 | 1 | _aColección literaria. Novelistas, dramaturgos, ensayistas, poetas | |
| 505 | 8 | 0 | _aContiene: Hoy es fiesta / Antonio Buero Vallejo. ¿Dónde vas, Alfonso XII? / Juan Ignacio Luca de Tena. Los pobrecitos / Alfonso Paso. Una muchachita de Valladolid / Joaquín Calvo Sotelo. Carlota / Miguel Mihura |
| 650 | 4 |
_aTeatro español- _yS.XX. _917356 |
|
| 700 | 1 |
_aSainz de Robles, Federico Carlos, _d1898-1982 _9101593 |
|
| 700 | 1 |
_aBuero Vallejo, Antonio, _d1916-2000 _932421 |
|
| 700 | 1 |
_aLuca de Tena, Juan Ignacio, _d1897-1975 _974513 |
|
| 700 | 1 |
_aPaso, Alfonso _989420 |
|
| 700 | 1 |
_aCalvo-Sotelo, Joaquín, _d1905-1993 _933913 |
|
| 700 | 1 |
_aMihura, Miguel. _981058 |
|
| 740 | 0 | 2 | _aHoy es fiesta. |
| 740 | 1 | 2 | _a¿Dónde vas, Alfonso XII? |
| 740 | 4 | 2 | _aLos pobrecitos. |
| 740 | 4 | 2 | _aUna muchachita de Valladolid. |
| 740 | 0 | 2 | _aCarlota. |
| 830 | 0 |
_aColección literaria. Novelistas, dramaturgos, ensayistas, poetas _9183856 |
|
| 852 |
_aES-MaACL _jE-15343 _xOlim P-83 |
||
| 999 |
_c178575 _d178575 |
||